| 000 | 00381nam a2200145Ia 4500 | ||
|---|---|---|---|
| 008 | 230917s9999||||xx |||||||||||||| ||und|| | ||
| 040 |
_e215805 _aMAIN |
||
| 041 | _aEnglish | ||
| 082 | _a338.4791 R246T | ||
| 100 | _aReddy, Maharaj Vijay, ed. | ||
| 245 | 0 | _aTourism, climate change and sustainability | |
| 260 |
_aLondon _bRoutledge _c2013 |
||
| 300 | _axv, 284 p. | ||
| 942 | _cBK | ||
| 999 |
_c178937 _d178937 |
||